| 000 | 00714nam a2200217Ii 4500 | ||
|---|---|---|---|
| 003 | JO-AjNU | ||
| 008 | 230605s9999||||xx |||||||||||||| ||und|| | ||
| 017 | _a1986/1/32 | ||
| 040 |
_aJO-AjNU _bara _erda _cJO-AjNU |
||
| 041 | _aara | ||
| 050 | 1 | 4 | _aPN45.N6798 1986 |
| 100 | 3 |
_aسلامة،نوري يوسف, _eauthor _918565 |
|
| 245 | 0 | 0 | _aأزمات النفس في الأدب المعاصر |
| 250 | _aط1 | ||
| 264 | 3 | 1 | _aدمشق: دار طلاس، 1986 |
| 300 | _a338ص | ||
| 336 |
_atext _btxt _2rdacontent |
||
| 337 |
_aunmediated _bn _2rdamedia |
||
| 338 |
_avolume _bnc _2rdacarrier |
||
| 650 | 4 |
_aالأدب العربي - الأدب المعاصر - تاريخ ونقد - جوانب نفسية _918566 |
|
| 999 |
_aA5962 _c9530 _d9530 |
||